000 00790cab a2200241 4500
001 WB2941-39
008 090401t1993 xxu||||| |||| 00| 0 eng d
035 _a(Sirsi) u62757
041 _aeng
245 _aInsurers rewrite pollution indemnity
260 _c1993
350 _a0
490 _aObserver
_v31 October 1993, 3(1)
520 _aInsurers are rewriting professional indemnity policies for surveyors and architects to exclude cover for claims connected to pollution.
650 _aARCHITECTS AND PROFESSIONAL INDEMNITY AGENCY
650 _aPROFESSIONAL INDEMNITY INSURANCE
650 _aRICS INSURANCE SERVICES
650 _aRICS
690 _aINSURANCE
_96249
690 _aMANAGEMENT-BUSINESS MANAGEMENT-PROFESSIONAL PRACTICE
942 _n0
948 _c04/03/1997
999 _c38973
_d38973